Eastern Utah Libraries Catalog: Duchesne, Heber, Roosevelt, & Vernal

The summer guests / (Record no. 243340)

MARC details
000 -LEADER
fixed length control field 01110cam a22003138i 4500
001 - CONTROL NUMBER
control field BK0023817001
003 - CONTROL NUMBER IDENTIFIER
control field DLC
005 - DATE AND TIME OF LATEST TRANSACTION
control field 20190411104021.0
008 - FIXED-LENGTH DATA ELEMENTS--GENERAL INFORMATION
fixed length control field 190207s2019 nyu 000 1 eng
010 ## - LIBRARY OF CONGRESS CONTROL NUMBER
LC control number 2019004743
020 ## - INTERNATIONAL STANDARD BOOK NUMBER
International Standard Book Number 9781501193620 : HRD
Terms of availability 26.99
020 ## - INTERNATIONAL STANDARD BOOK NUMBER
International Standard Book Number 1501193627 : HRD
Terms of availability 26.99
Cancelled/invalid ISBN 9781501193644 (ebook)
037 ## - SOURCE OF ACQUISITION
Source of stock number/acquisition Simon & Schuster, Order Dept 100 Front st, Riverside, NJ, USA, 08075
Note SAN 200-2442
040 ## - CATALOGING SOURCE
Original cataloging agency DLC
Language of cataloging eng
Description conventions rda
Transcribing agency DLC
050 00 - LIBRARY OF CONGRESS CALL NUMBER
Classification number PS3563.O529
Item number S87 2019
082 00 - DEWEY DECIMAL CLASSIFICATION NUMBER
Classification number 813/.54
Edition number 23
092 ## - LOCALLY ASSIGNED DEWEY CALL NUMBER (OCLC)
Classification number 813.5400
100 1# - MAIN ENTRY--PERSONAL NAME
Personal name Monroe, Mary Alice,
Relator term author.
9 (RLIN) 58178
245 14 - TITLE STATEMENT
Title The summer guests /
Statement of responsibility, etc Mary Alice Monroe.
250 ## - EDITION STATEMENT
Edition statement First Gallery Books hardcover edition.
263 ## - PROJECTED PUBLICATION DATE
Projected publication date 1906
264 #1 - Production, Publication, Distribution, Manufacture, and Copyright Notice.
Place of production, publication, distribution, manufacture New York :
Name of producer, publisher, distributor, manufacturer Gallery Books,
Date of production, publication, distribution, manufacture, or copyr 2019.
300 ## - PHYSICAL DESCRIPTION
Extent pages cm
336 ## - Content Type
Content type term text
337 ## - Media type
Media type term unmediated
338 ## - Carrier type
Carrier type term volume
776 08 - ADDITIONAL PHYSICAL FORM ENTRY
Display text Online version:
776 08 - ADDITIONAL PHYSICAL FORM ENTRY
Main entry heading Monroe, Mary Alice, author.
Title Summer guests
Edition First Gallery Books hardcover edition.
Place, publisher, and date of publication New York : Gallery Books, 2019
International Standard Book Number 9781501193644
Record control number (DLC) 2019006446
Holdings
Withdrawn status Lost status Source of classification or shelving scheme Damaged status Not for loan Collection code Home library Current library Shelving location Date acquired Source of acquisition Total Checkouts Full call number Barcode Date last seen Cost, replacement price Price effective from Koha item type
    Dewey Decimal Classification     Fiction Wasatch County Library Wasatch County Library First Floor 01/13/2022 Donation   F Monroe 34301001874470 02/16/2024 9.99 01/13/2022 BOOK
This project was made possible through a grant from the Institute of Museum and Library Service administered by the Utah State Library Division.

Wasatch County Library

  • 465 East 1200 South, Heber City, Utah 84032
  • Phone 435-654-1511 | Fax 435-654-6456

Hours

  • Monday - Friday 9:30 AM - 8:00 PM
  • Saturday 9:30 AM - 1:30 PM
  • Closed Sundays and Holidays